[Event "7th Nana Aleksandria Cup"]
[Site "Poti GEO"]
[Date "2012.07.19"]
[Round "8.3"]
[White "Javakhadze,Z"]
[Black "Hayrapetian,O"]
[Result "1/2-1/2"]
[WhiteElo "2415"]
[BlackElo "2458"]

1.c4 c6 2.Nf3 d5 3.g3 Bg4 4.Bg2 Nd7 5.cxd5 cxd5 6.Nc3 e6 7.Qa4 Bh5 8.O-O Nf6
9.d3 Be7 10.e4 O-O 11.e5 Nc5 12.Qd4 Nfd7 13.b4 Bxf3 14.Bxf3 Nxe5 15.Qxe5 Bf6
16.Qe1 Nxd3 17.Qd2 Rc8 18.Na4 Bxa1 19.Qxd3 Bf6 20.Bd2 b6 21.Nc3 Qc7 22.Rc1 Qe7
23.Re1 Qc7 24.Rc1 Qc4 25.Qb1 Qa6 26.Kg2 Qa3 27.Ne2 Qb2 28.Qd3 Qxa2 29.b5 Rxc1
30.Nxc1 Qa4 31.Bc3 Bxc3 32.Qxc3 Qxb5 33.Ne2 Qc5 34.Qe5 Rd8 35.Nd4 a5 36.Be2 a4
37.Bd3 Qd6 38.Qe3 e5 39.Nf5 Qf6 40.g4 a3 41.Bb1 g6 42.g5 Qe6 43.Nh6+ Kg7
44.Qxa3 Qd6 45.Qa7 Rd7 46.Qa8 Qf8 47.Qc6 Qe7 48.Nf5+ gxf5 49.Qh6+ Kg8 50.Bxf5 f6
51.gxf6 Qf7 52.Qg5+ Kf8 53.Bxd7 Qxd7 54.Qh6+ Kg8  1/2-1/2

[Event "6th Varna Open"]
[Site "Varna BUL"]
[Date "2012.07.20"]
[Round "9.13"]
[White "Banov,B"]
[Black "Talmaci,A"]
[Result "1-0"]
[WhiteElo "2184"]
[BlackElo "1998"]

1.c4 c6 2.d4 d5 3.Nf3 Nf6 4.Nc3 Bf5 5.e3 e6 6.Nh4 Bg6 7.Qb3 Qb6 8.Nxg6 hxg6
9.c5 Qc7 10.g3 b6 11.cxb6 axb6 12.Bd2 Bd6 13.Rc1 Qb7 14.a3 Nbd7 15.Bg2 e5
16.O-O O-O 17.dxe5 Nxe5 18.e4 Nd3 19.Nxd5 Nxc1 20.Nxf6+ gxf6 21.Rxc1 Rac8
22.Be3 b5 23.h4 Kg7 24.f4 Bb8 25.Kh2 Ba7 26.e5 fxe5 27.fxe5 Bxe3 28.Qxe3 Rfe8
29.Rc5 Rc7 30.Qc3 Rec8 31.b4 Qa6 32.g4 Kg8 33.e6 Re7 34.exf7+ Kxf7 35.Bxc6 Rd8
36.g5 Kg8 37.Bd5+ Kh7 38.Rc6 Qa7 39.Qc2 Qb8+ 40.Kg2 Rg7 41.h5 Rxd5 42.hxg6+ Kg8
43.Rc8+ Rd8 44.Qb3+ Kh8 45.Qh3+ Kg8 46.Qe6+ Kh8 47.Rxb8 Rxb8 48.Kg3 Ra8 49.Kf4 Rxa3
50.Qe8+ Rg8 51.Qe5+ Rg7 52.Kf5 Rf3+ 53.Kg4 Rf8 54.Kh5 Kg8 55.Kh6 Ra7 56.Qd5+ Kh8
57.Qd4+  1-0

[Event "Grand Prix FFE Aix 2012"]
[Site "Aix les Bains FRA"]
[Date "2012.07.21"]
[Round "4.4"]
[White "Czebe,A"]
[Black "Van Wely,L"]
[Result "0-1"]
[WhiteElo "2478"]
[BlackElo "2691"]

1.c4 c6 2.Nf3 d5 3.g3 Nf6 4.Bg2 Bf5 5.cxd5 cxd5 6.Qb3 Qc8 7.O-O Nc6 8.d3 e6
9.Bg5 Be7 10.Nbd2 O-O 11.Rac1 Qd7 12.Rfd1 h6 13.Bxf6 Bxf6 14.e4 Bg4 15.h3 Bh5
16.g4 Bg6 17.Nf1 dxe4 18.dxe4 Qe7 19.Re1 Nd4 20.Nxd4 Bxd4 21.e5 Qg5 22.Qg3 Rac8
23.Rcd1 Bxb2 24.Rd7 h5 25.f4 Qh6 26.f5 exf5 27.g5 Qh7 28.Bxb7 Rc3 29.Qg2 Ba3
30.Nd2 f4 31.Nf3 Bf5 32.e6 fxe6 33.Qd2 Bc5+ 34.Kh1 Rc2 35.Qd1 Rb2 36.Nh4 Rxb7
37.Rxb7 Be4+ 38.Kh2 Bxb7 39.g6 Qh6 40.Qd7 Qg5  0-1

[Event "23rd Czech Open A"]
[Site "Pardubice CZE"]
[Date "2012.07.21"]
[Round "2.29"]
[White "Plat,V"]
[Black "Kireev,Al"]
[Result "1/2-1/2"]
[WhiteElo "2492"]
[BlackElo "2331"]

1.c4 c6 2.d4 d5 3.e3 Nf6 4.Nf3 a6 5.Nc3 Bf5 6.cxd5 cxd5 7.Qb3 b5 8.Ne5 e6
9.f3 h6 10.Bd2 Bd6 11.a4 b4 12.Ne2 Nfd7 13.Ng3 Bh7 14.Nxd7 Nxd7 15.Bd3 Bxd3
16.Qxd3 O-O 17.O-O Qb8 18.Rac1 Nb6 19.b3 Rc8 20.Rxc8+ Nxc8 21.e4 Bxg3 22.hxg3 Ne7
23.Bf4 Qb6 24.Rc1 Rc8 25.Rxc8+ Nxc8 26.exd5 exd5 27.Qe3 Qc6 28.Kh2 f6 29.Qd3 Ne7
30.g4 Kf7 31.Bg3 Qb6 32.f4 Qc6 33.f5 Qb6 34.Qe2 Qc6 35.a5 h5 36.g5 Nxf5 37.Qxh5+ Ke6
38.Qg4 Qc8 39.gxf6 gxf6 40.Bf4 Kf7 41.Qh5+ Ke6 42.Qe2+ Kf7 43.Qd3 Ke6 44.Qd2 Qb7
45.Qe2+ Kf7 46.Qh5+ Ke6 47.Qe8+ Ne7 48.Qd8 Nc6 49.Qg8+ Qf7 50.Qc8+ Qd7 51.Qxa6 Qh7+
52.Kg3 Qg6+ 53.Kh2  1/2-1/2

[Event "Helmut-Kohls-Turnier 2012"]
[Site "Dortmund GER"]
[Date "2012.07.22"]
[Round "9"]
[White "Andersen,Mad"]
[Black "Saltaev,M"]
[Result "1-0"]
[WhiteElo "2459"]
[BlackElo "2480"]

1.c4 c6 2.Nf3 d5 3.e3 Nf6 4.Nc3 g6 5.d4 Bg7 6.Be2 O-O 7.O-O Re8 8.h3 e6 9.Qc2 Nbd7
10.Rd1 b6 11.e4 dxe4 12.Nxe4 Nxe4 13.Qxe4 Bb7 14.Bf4 Qe7 15.Ne5 Nxe5 16.dxe5 c5
17.Qe3 Qc7 18.Rd6 Rad8 19.Rad1 Bf8 20.Qg3 Bc6 21.Bg5 Rd7 22.Bf6 Qb7 23.Rxd7 Bxd7
24.Bf3 Qc7 25.Be4 Rb8 26.h4 Be8 27.h5 Be7 28.Qg5 Bf8 29.Qg4 Bg7 30.Bxg7 Kxg7
31.Qg5 Kf8 32.Qf6 gxh5 33.Rd3 h4 34.Qh6+  1-0

[Event "ch-PHI Grand Final 2012"]
[Site "Boracay PHI"]
[Date "2012.07.23"]
[Round "12.3"]
[White "Sadorra,J"]
[Black "Barbosa,O PHI"]
[Result "1/2-1/2"]
[WhiteElo "2525"]
[BlackElo "2554"]

1.c4 c6 2.d4 d5 3.Nf3 Nf6 4.Nc3 dxc4 5.a4 Bf5 6.e3 e6 7.Bxc4 Bb4 8.O-O O-O
9.Qe2 Nbd7 10.e4 Bg6 11.Bd3 Bh5 12.e5 Nd5 13.Nxd5 cxd5 14.Qe3 Be7 15.Bd2 Nb8
16.Rfc1 Nc6 17.Ne1 a6 18.Qh3 Bg6 19.Bxg6 hxg6 20.Qg4 Qb6 21.Bc3 Rac8 22.Nd3 Na5
23.Re1 Nb3 24.a5 Qa7 25.Rad1 b5 26.axb6 Qxb6 27.Nf4 Rc4 28.Re3 Nxd4 29.Nxd5 exd5
30.Bxd4 Qxb2 31.Bxb2 Rxg4 32.Rxd5 Rb8 33.h3 Rc4 34.Ba3 Re8  1/2-1/2

[Event "23rd Czech Open A"]
[Site "Pardubice CZE"]
[Date "2012.07.23"]
[Round "4.29"]
[White "Zwardon,V"]
[Black "Jaracz,P"]
[Result "0-1"]
[WhiteElo "2383"]
[BlackElo "2530"]

1.c4 c6 2.Nf3 d5 3.e3 Nf6 4.b3 Bg4 5.Bb2 Nbd7 6.Be2 e6 7.h3 Bh5 8.d3 Bd6
9.g4 Bg6 10.g5 Nh5 11.h4 h6 12.Nc3 Qe7 13.Qc2 Nb6 14.cxd5 cxd5 15.a3 Rc8
16.Qd1 a6 17.b4 e5 18.Na4 Nd7 19.Rc1 Rxc1 20.Qxc1 O-O 21.Qd1 d4 22.Nh2 b5
23.Nc5 Bxc5 24.bxc5 Nxc5 25.O-O dxe3 26.Bxh5 exf2+ 27.Kg2 Bxh5 28.Qxh5 Nxd3
29.Bc1 Qc5 30.Bd2 Qc2 31.Rd1 Ne1+  0-1

[Event "23rd Czech Open A"]
[Site "Pardubice CZE"]
[Date "2012.07.23"]
[Round "4.72"]
[White "Mueller,Jan1"]
[Black "Reinhart,E"]
[Result "1-0"]
[WhiteElo "2162"]
[BlackElo "2347"]

1.c4 c6 2.Nf3 Nf6 3.g3 d5 4.Bg2 Bf5 5.cxd5 cxd5 6.Qb3 Nc6 7.Qxb7 Bd7 8.Qb3 e5
9.O-O Rb8 10.Qd1 e4 11.Ne1 Bc5 12.Nc3 Qe7 13.Na4 O-O 14.Nc2 Bd6 15.b3 Rfc8
16.d3 exd3 17.exd3 Ne5 18.Nb2 Bg4 19.f3 Bf5 20.Ne3 Be6 21.d4 Nc6 22.Na4 Bd7
23.Re1 Qd8 24.Bb2 Bb4 25.Nc3 Ne7 26.Rc1 Nf5 27.a3 Ba5 28.b4 Nxe3 29.Rxe3 Bb6
30.Ne2 Bb5 31.Nf4 Rxc1 32.Qxc1 Rc8 33.Qd1 a5 34.a4 Bc4 35.b5 Ne8 36.Nd3 Nd6
37.Ne5 Nf5 38.Re1 Qf6 39.Bh3 Rd8 40.Nc6 g6 41.Bxf5  1-0

[Event "23rd Czech Open A"]
[Site "Pardubice CZE"]
[Date "2012.07.23"]
[Round "4.33"]
[White "Strunski,A"]
[Black "Fodor,T jr"]
[Result "1/2-1/2"]
[WhiteElo "2366"]
[BlackElo "2503"]

1.c4 c6 2.d4 d5 3.Nf3 Nf6 4.e3 Nbd7 5.Bd3 dxc4 6.Bxc4 e6 7.O-O Bd6 8.Nc3 b5
9.Bd3 Bb7 10.e4 e5 11.Ne2 O-O 12.Bg5 Re8 13.Qc2 Rc8 14.Rad1 h6 15.Bh4 exd4
16.Nexd4 Qb6 17.Nf5 Bf8 18.e5 Nd5 19.Nd6 Bxd6 20.exd6 c5 21.Bh7+ Kh8 22.Bf5 Qxd6
23.Bg3 Qe7 24.Qb3 N5b6 25.Rfe1 Qf8 26.Ne5 c4 27.Qc3 b4 28.Qd4 Nxe5 29.Bxc8 Nc6
30.Rxe8 Qxe8 31.Bd7 Nxd4 32.Bxe8 Ne2+ 33.Kf1 Nxg3+ 34.hxg3 Bd5 35.Bb5 g5
36.Rc1 Kg7 37.a4 a5 38.f3 Kf6 39.Ke2 Be6 40.Ke3 c3 41.bxc3 Nd5+ 42.Kd4 Nxc3
43.Rh1 Kg7 44.Bc4 Bd7 45.Bb3 Bxa4 46.Bxa4 Nxa4 47.Ra1 Nc3 48.Kc4 g4 49.Rxa5 Ne2
50.Kd3 gxf3 51.gxf3 Nxg3 52.Rb5 Kg6 53.Ke3 h5 54.Rxb4 Kg5 55.Rb5+ f5 56.Kf2 h4
57.Rb8 Nh5 58.Rg8+ Kf4 59.Rh8 Kg5  1/2-1/2

[Event "38th Sitges Open"]
[Site "Sitges ESP"]
[Date "2012.07.23"]
[Round "4.4"]
[White "Fernandez Aguado,E"]
[Black "Pakleza,Z"]
[Result "0-1"]
[WhiteElo "2357"]
[BlackElo "2468"]

1.c4 c6 2.Nf3 d5 3.b3 Nf6 4.Bb2 Bf5 5.g3 e6 6.Bg2 h6 7.O-O Be7 8.d3 O-O 9.Nbd2 Nbd7
10.Rc1 a5 11.a3 Bg6 12.Qc2 Ne8 13.Rfe1 Bf6 14.b4 Qb6 15.Rb1 axb4 16.Bxf6 Nexf6
17.axb4 Ra3 18.cxd5 cxd5 19.Nb3 Ra4 20.Nbd4 Rfa8 21.Qc3 e5 22.Nc2 e4 23.Nfd4 Ne5
24.Rbd1 Ra2 25.Nb3 Nfg4 26.Nc5 Qf6 27.Qd4 Rxc2 28.dxe4 Rc4  0-1

[Event "ch-AUT 2012"]
[Site "Zwettl AUT"]
[Date "2012.07.23"]
[Round "3.1"]
[White "Baumegger,S"]
[Black "Schachinger,M"]
[Result "0-1"]
[WhiteElo "2447"]
[BlackElo "2382"]

1.c4 c6 2.e4 e5 3.Nf3 d6 4.d4 Nd7 5.Nc3 Ngf6 6.Be2 Be7 7.O-O O-O 8.Be3 Re8
9.d5 c5 10.Ne1 Nf8 11.Nd3 Ng6 12.Rb1 a5 13.a3 Bd7 14.b4 axb4 15.axb4 b6 16.Rb3 h6
17.Qd2 b5 18.Nxc5 bxc4 19.Bxc4 dxc5 20.bxc5 Bxc5 21.d6 Bxe3 22.fxe3 Be6 23.Nd5 Nxe4
24.Qc2 Nxd6 25.Rd3 Rc8  0-1

[Event "45th Biel Masters Open"]
[Site "Biel SUI"]
[Date "2012.07.24"]
[Round "2"]
[White "Shankland,S"]
[Black "Schiendorfer,E"]
[Result "1/2-1/2"]
[WhiteElo "2579"]
[BlackElo "2355"]

1.c4 c6 2.Nf3 d5 3.e3 Nf6 4.Nc3 e6 5.b3 Bd6 6.Bb2 O-O 7.Qc2 b6 8.cxd5 exd5
9.d4 Re8 10.Bd3 Ba6 11.O-O Bxd3 12.Qxd3 Nbd7 13.Rac1 Ne4 14.Rc2 Re6 15.Rfc1 Ng5
16.Nxg5 Qxg5 17.Ne2 Rae8 18.g3 Nb8 19.Kg2 Qh5 20.Nf4 Bxf4 21.exf4 g6 22.a4 a6
23.Ba3 Qf5 24.Qxf5 gxf5 25.Rd2 Kg7 26.a5 b5 27.Rdc2 Kf6 28.Bc5 Nd7 29.Bb6 Rc8
30.f3 Ke7 31.Kf2 Kd6 32.h3 Rh6 33.Kg2 Re6 34.Kf2 Rh6 35.Kg2  1/2-1/2

[Event "ch-PHI Grand Final 2012"]
[Site "Boracay PHI"]
[Date "2012.07.24"]
[Round "14.4"]
[White "Barcenilla,R"]
[Black "Barbosa,O PHI"]
[Result "0-1"]
[WhiteElo "2501"]
[BlackElo "2554"]

1.c4 c6 2.Nf3 d5 3.d4 Nf6 4.Nc3 dxc4 5.a4 Na6 6.e3 Bg4 7.Bxc4 e6 8.h3 Bh5
9.Qe2 Nb4 10.O-O Be7 11.Rd1 O-O 12.g4 Bg6 13.Ne5 Nd7 14.e4 Nxe5 15.dxe5 Qc8
16.f4 f6 17.exf6 gxf6 18.f5 Bf7 19.Bh6 Re8 20.g5 fxg5 21.Qg4 exf5 22.exf5 Nd5
23.Nxd5 cxd5 24.Rxd5 Qc6 25.f6 Bxf6 26.Bxg5 Bg7 27.Rad1 Qb6+ 28.Kh1 Bxd5+
29.Bxd5+ Kh8 30.b3 Qa5 31.Bh4 Qc3 32.Bxb7 Rab8 33.Bd5 Re3 34.Bf2 Rxh3+ 35.Kg2 Rh6
36.Be4 Be5 37.Rd3 Qb2 38.Qf5 Rh2+ 39.Kf1 Bg7 40.Qf4 Qe5 41.Qxe5 Bxe5 42.Bxa7 Rc8
43.Rd1 Rf8+ 44.Kg1 Rh4 45.Re1 Rg8+ 46.Bg2 Bh2+  0-1

[Event "12th Valle del Chiese Open"]
[Site "Condino ITA"]
[Date "2012.07.24"]
[Round "3"]
[White "Petragnani,G"]
[Black "Nepi,E"]
[Result "0-1"]
[WhiteElo "1733"]
[BlackElo "1927"]

1.c4 c6 2.g3 d5 3.Bg2 Nf6 4.cxd5 cxd5 5.Nf3 Nc6 6.O-O e5 7.d3 Be7 8.a3 O-O
9.b4 Qb6 10.Bb2 e4 11.dxe4 dxe4 12.Ng5 e3 13.f4 Rd8 14.Qb3 Rf8 15.Rd1 h6
16.Ne4 Nxe4 17.Bxe4 Bg4 18.Bxc6 Qxc6 19.Qxe3 Bh3 20.Qf2 Qc2 21.Rd2 Rfd8 22.Bc3 Rxd2
23.Bxd2 Bf6  0-1

[Event "12th Valle del Chiese Open"]
[Site "Condino ITA"]
[Date "2012.07.25"]
[Round "4"]
[White "De Paoli,E"]
[Black "Barucco,M"]
[Result "1-0"]
[WhiteElo "1851"]
[BlackElo "2000"]

1.c4 c6 2.e4 d5 3.exd5 cxd5 4.cxd5 Nf6 5.Bb5+ Nbd7 6.Nc3 g6 7.Qe2 a6 8.Ba4 b5
9.Bc2 Nb6 10.a4 b4 11.a5 Nbxd5 12.Ba4+ Bd7 13.Nxd5 Nxd5 14.Qe5 Nf6 15.Nf3 Bg7
16.O-O O-O 17.Re1 Bxa4 18.Rxa4 Nd5 19.Qe4 Qd6 20.d4 Rab8 21.Qh4 Rb5 22.Bh6 Bxh6
23.Qxh6 Qf6 24.Ne5 Rd8 25.Raa1 Nf4 26.Rac1 Qf5 27.Nc6 Qg4 28.g3 Nh3+ 29.Kf1 Rh5
30.Qe3 Re8 31.Nxe7+ Rxe7 32.Qxe7 Rf5 33.Rc8+ Kg7 34.Qf8+ Kf6 35.Rc6+ Kg5
36.Qe7+ f6 37.Rxf6 Rxf6 38.Re5+ Kh6 39.Qxf6  1-0

[Event "ch-AUT 2012"]
[Site "Zwettl AUT"]
[Date "2012.07.26"]
[Round "6.23"]
[White "Lenz,A"]
[Black "Schweitzer,W"]
[Result "1-0"]
[WhiteElo "2197"]
[BlackElo "2045"]

1.c4 c6 2.e4 d5 3.exd5 cxd5 4.cxd5 Nf6 5.Nc3 Nxd5 6.Nf3 Nxc3 7.bxc3 g6 8.d4 Bg7
9.Bd3 O-O 10.O-O Nc6 11.Rb1 b6 12.Re1 Bb7 13.Qe2 Re8 14.Bc4 e6 15.Bg5 Qc7
16.Bh4 Rac8 17.Bb5 Rf8 18.Bg3 Qd8 19.Rbc1 Ra8 20.Red1 a6 21.Bd3 Qd7 22.h4 Ne7
23.h5 Nf5 24.hxg6 hxg6 25.Bxf5 gxf5 26.c4 Bxf3 27.Qxf3 Rad8 28.Bf4 f6 29.c5 bxc5
30.dxc5 Qa7 31.Bd6 Rf7 32.c6 Rc8 33.Qb3 e5 34.Qe6 Qa8 35.c7 Bf8 36.Bxf8 Rxf8
37.c8=Q  1-0

[Event "TCh-POR Div 1 Final"]
[Site "Matosinhos POR"]
[Date "2012.07.27"]
[Round "7.4.1"]
[White "Spraggett,K"]
[Black "Alvarez Fernandez,E"]
[Result "1-0"]
[WhiteElo "2595"]
[BlackElo "2369"]

1.c4 c6 2.e4 d5 3.exd5 cxd5 4.cxd5 Nf6 5.Nc3 Nxd5 6.Nf3 Nc6 7.Bb5 Nxc3 8.bxc3 Bd7
9.O-O e6 10.d4 Be7 11.Qe2 O-O 12.Bd3 Re8 13.Rb1 b6 14.Bf4 g6 15.Rfe1 Bf6
16.Qd2 a6 17.h4 b5 18.h5 Ne7 19.hxg6 hxg6 20.Be5 Bxe5 21.Nxe5 Kg7 22.a4 bxa4
23.Rb7 Bc8 24.Nxf7 Kxf7 25.Qf4+ Kg8 26.Bxg6  1-0

[Event "23rd Czech Open A"]
[Site "Pardubice CZE"]
[Date "2012.07.27"]
[Round "8.46"]
[White "Aguettaz,M"]
[Black "Nakhbayeva,G"]
[Result "1-0"]
[WhiteElo "2420"]
[BlackElo "2291"]

1.c4 c6 2.Nf3 Nf6 3.Nc3 d5 4.d4 a6 5.e3 b5 6.b3 Bf5 7.Ne5 g6 8.g4 Be6 9.Bg2 dxc4
10.bxc4 bxc4 11.Qa4 Bg7 12.Nxc6 Nxc6 13.Qxc6+  1-0

[Event "45th Biel Masters Open"]
[Site "Biel SUI"]
[Date "2012.07.28"]
[Round "6"]
[White "Maze,S"]
[Black "Pruess,D"]
[Result "1-0"]
[WhiteElo "2573"]
[BlackElo "2375"]

1.c4 c6 2.Nf3 d5 3.e3 Nf6 4.b3 Bf5 5.Bb2 Nbd7 6.h3 h6 7.g4 Bg6 8.cxd5 Nxd5
9.a3 h5 10.g5 e5 11.Rg1 Bd6 12.Nh4 Bxb1 13.Qxb1 Nc5 14.Qc2 O-O 15.Be2 e4
16.Nf5 g6 17.Nxd6 Qxd6 18.b4 Qh2 19.O-O-O Ne6 20.Qxe4 Qxf2 21.Bxh5 Qf5 22.Qxf5 gxf5
23.Rdf1 f4 24.g6 f5 25.g7 Rf6 26.Bxf6 Nxf6 27.Bg6 fxe3 28.Bxf5 exd2+ 29.Kd1 Nc7
30.h4 Re8 31.Bd3 Ncd5 32.Kxd2 Re7 33.h5 Rxg7 34.h6 Rxg1 35.Rxg1+ Kh8 36.Rg7  1-0

[Event "PAB Romania Open 2012"]
[Site "Arad ROU"]
[Date "2012.07.29"]
[Round "3.7"]
[White "Restas,P"]
[Black "Murariu,A"]
[Result "0-1"]
[WhiteElo "2246"]
[BlackElo "2498"]

1.c4 c6 2.e4 d5 3.exd5 Nf6 4.d4 cxd5 5.Nc3 e6 6.Nf3 Be7 7.cxd5 Nxd5 8.Bd3 Nc6
9.O-O O-O 10.Re1 Nf6 11.a3 b6 12.Bg5 Bb7 13.Rc1 Qd6 14.Bxf6 Bxf6 15.Ne4 Qd8
16.Nxf6+ Qxf6 17.Be4 Na5 18.Bxb7 Nxb7 19.Rc7 Nd6 20.Ne5 Rfc8 21.Qc2 Qd8 22.Rc1 f6
23.Nf3 Rxc7 24.Qxc7 Rc8 25.Qxd8+ Rxd8 26.g4 Nb5 27.Rc4 Rd7 28.Kf1 Kf7 29.Ke2 h5
30.h3 hxg4 31.hxg4 g5 32.Ke3 Nc7 33.a4 Ke8 34.Nd2 Rh7 35.Ne4 Nd5+ 36.Ke2 Kd7
37.a5 Rh1 38.axb6 axb6 39.Nc3 Nf4+ 40.Ke3 Rh3+ 41.f3 Rh2 42.Rb4 Rc2 43.Rb3 Kc6
44.Rb4 f5 45.gxf5 exf5 46.d5+ Kc5 47.Rd4 Ng2+ 48.Kd3 Ne1+ 49.Ke3 Rxc3+ 50.bxc3 Nc2+  0-1

[Event "3rd Terre degli Elimi"]
[Site "Erice ITA"]
[Date "2012.07.29"]
[Round "6"]
[White "Spina,Simonpietro"]
[Black "Calamia,Gianpaolo"]
[Result "1/2-1/2"]
[WhiteElo "1730"]
[BlackElo "1773"]

1.c4 c6 2.Nc3 d5 3.cxd5 cxd5 4.d4 Nc6 5.Bf4 e6 6.e3 a6 7.Nf3 Nf6 8.Bd3 Be7
9.h3 b5 10.a3 Bb7 11.Rc1 Rc8 12.O-O O-O 13.Re1 Na5 14.Re2 Nc4 15.Ne5 Bd6
16.Nxc4 dxc4 17.Bb1 Bxf4 18.exf4 Qd6 19.f5 exf5 20.Bxf5 Rcd8 21.Ne4 Nxe4
22.Bxe4 Bxe4 23.Rxe4 Rfe8 24.Rxe8+ Rxe8 25.Qd2 Rd8 26.Rd1 f6 27.h4 Kf7 28.h5 Ra8
29.Re1  1/2-1/2

[Event "3rd Terre degli Elimi"]
[Site "Erice ITA"]
[Date "2012.07.29"]
[Round "7"]
[White "Sammalvuo,T"]
[Black "Ferrante,M"]
[Result "1-0"]
[WhiteElo "2472"]
[BlackElo "2190"]

1.c4 c6 2.e4 d5 3.exd5 cxd5 4.d4 Nf6 5.Nc3 e6 6.Nf3 Nc6 7.Bg5 Be7 8.c5 Ne4
9.Bxe7 Qxe7 10.Qc2 Ng5 11.Nxg5 Qxg5 12.Rd1 O-O 13.Qd2 Qg6 14.f4 e5 15.fxe5 f6
16.Bd3 Bf5 17.O-O Bxd3 18.Qxd3 Qxd3 19.Rxd3 fxe5 20.dxe5 d4 21.Nb5 Rxf1+
22.Kxf1 Rf8+ 23.Ke2 Rf4 24.e6 Re4+ 25.Kd2 a6 26.Nd6 Rxe6 27.Nxb7 Rg6 28.Rg3 Rf6
29.Rf3 Rh6 30.h3 Rg6 31.g4 h5 32.Rf4 hxg4 33.hxg4 Rh6 34.Re4 Rh2+ 35.Re2 Rh4
36.Nd8 Nb4 37.a3 Nd5 38.g5 Rg4 39.Ne6 Kf7 40.c6 Ne3 41.c7 Rg1 42.Rf2+  1-0

[Event "Politiken Cup 2012"]
[Site "Helsingor DEN"]
[Date "2012.07.29"]
[Round "2.80"]
[White "Teplyi,I"]
[Black "Kopperberg,Steen"]
[Result "1-0"]
[WhiteElo "2388"]
[BlackElo "1795"]

1.c4 c6 2.Nf3 Nf6 3.d4 d5 4.Qb3 dxc4 5.Qxc4 Bf5 6.g3 e6 7.Bg2 Be7 8.O-O O-O
9.e3 Nbd7 10.Rd1 Qb6 11.Nc3 Ne4 12.Qe2 Ndf6 13.Ne5 Rad8 14.g4 Nxc3 15.bxc3 Bg6
16.Nxg6 hxg6 17.e4 Qc7 18.f4 b5 19.Be3 a6 20.Kh1 Nd7 21.Rf1 Nb6 22.g5 f5
23.gxf6 Bxf6 24.Rad1 Nc4 25.Bc1 Qf7 26.e5 Be7 27.Bxc6 Ba3 28.Bxa3 Nxa3 29.Be4 Rc8
30.Rf3 Rc4 31.Qg2 g5 32.Qh3 g6 33.fxg5 Qe7 34.Rxf8+  1-0

[Event "Politiken Cup 2012"]
[Site "Helsingor DEN"]
[Date "2012.07.29"]
[Round "3.83"]
[White "Kristensen,Bjarke Hautop"]
[Black "Kramer,Julian"]
[Result "0-1"]
[WhiteElo "1824"]
[BlackElo "2048"]

1.c4 c6 2.g3 d5 3.d4 Nf6 4.e3 e6 5.Bg2 Nbd7 6.Nf3 dxc4 7.Qc2 b5 8.a4 Bb7
9.Bd2 Be7 10.O-O O-O 11.Rd1 a6 12.Be1 Qc7 13.Ng5 h6 14.Ne4 Nxe4 15.Bxe4 Nf6
16.Bg2 Rfd8 17.Nc3 c5 18.Ne4 cxd4 19.exd4 Nd5 20.b3 Nb4 21.Bxb4 Bxb4 22.Rac1 Bd5
23.bxc4 bxc4 24.Nc3 Bxg2 25.Kxg2 Rac8 26.Kg1 Qc6 27.Qa2 Be7 28.Rd2 Bf6 29.Rcd1 Qb6
30.a5 Qa7  0-1

[Event "Politiken Cup 2012"]
[Site "Helsingor DEN"]
[Date "2012.07.29"]
[Round "3.21"]
[White "Glud,J"]
[Black "Grand,H"]
[Result "1-0"]
[WhiteElo "2498"]
[BlackElo "2144"]

1.c4 c6 2.Nf3 d5 3.e3 Nf6 4.Nc3 a6 5.b3 Bg4 6.Bb2 e6 7.Be2 Nbd7 8.h3 Bh5
9.O-O Bd6 10.Rc1 O-O 11.Nd4 Bxe2 12.Qxe2 Qe7 13.Rc2 Ne4 14.cxd5 Nxc3 15.Rxc3 cxd5
16.Rfc1 Nb6 17.Qg4 f5 18.Qh5 g6 19.Qe2 e5 20.Nf3 e4 21.Nd4 Rac8 22.Qd1 Rxc3
23.Rxc3 Nd7 24.Qc2 Ne5 25.Rc8 Kf7 26.Ne2 Nd3 27.Ba1 Qd7 28.Rxf8+ Kxf8 29.Nc1 Be5
30.Nxd3 Bxa1 31.Nb4 Kf7 32.Qc5 Ke6 33.d4 exd3 34.Nxd3 Be5 35.Qb6+ Qc6 36.Nc5+ Kd6
37.Nxb7+ Kd7 38.Nc5+ Kd6 39.Qxc6+ Kxc6 40.Nd3 Bc3 41.f3 d4 42.e4 fxe4 43.fxe4 g5
44.Kf2 Kd6 45.Kg3 h5 46.Kf3 a5 47.g4 h4 48.Ke2 Bb4 49.Kd1 Ba3 50.Ke2 Bb4
51.Nb2 Ke5 52.Kf3 Kd6 53.Nc4+ Kc5 54.Ke2 Bc3 55.Kd3 Be1 56.a3 Bc3 57.Nxa5  1-0

[Event "TCh-CRC Premier 2012"]
[Site "San Jose CRC"]
[Date "2012.07.29"]
[Round "9.5"]
[White "Murillo,Alex"]
[Black "Alfaro,C"]
[Result "1-0"]
[WhiteElo "2276"]
[BlackElo "2168"]

1.c4 c6 2.e4 d5 3.exd5 cxd5 4.d4 Nf6 5.Nc3 e6 6.Nf3 Be7 7.Be2 dxc4 8.Bxc4 O-O
9.O-O Nbd7 10.Qe2 Nb6 11.Bb3 Bd7 12.Bd2 Bc6 13.Rad1 Nbd5 14.Rfe1 a5 15.Ne5 Qb6
16.Bg5 Qc7 17.Nxf7 Rxf7 18.Qxe6 Bb4 19.Bxf6 Nxf6 20.d5 Re8 21.Qxf7+  1-0

[Event "TCh-CRC Premier 2012"]
[Site "San Jose CRC"]
[Date "2012.07.29"]
[Round "9.5"]
[White "Castillo Trujillo,I"]
[Black "Alfaro Rojas,A"]
[Result "1/2-1/2"]
[WhiteElo "2057"]
[BlackElo "2264"]

1.c4 c6 2.g3 Nf6 3.Bg2 d5 4.b3 g6 5.Bb2 Bg7 6.Nf3 O-O 7.O-O Bg4 8.d3 Re8
9.Nbd2 Nbd7 10.Ne5 Be6 11.Qc2 a5 12.a3 Nxe5 13.Bxe5 Qd7 14.Qb2 Bh3 15.Nf3 Bxg2
16.Kxg2 Nh5 17.Bxg7 Nxg7 18.b4 axb4 19.axb4 dxc4 20.dxc4 Qe6 21.Rxa8 Rxa8
22.Ra1 Rxa1 23.Qxa1 f6 24.Qa8+ Kf7 25.c5 Qxe2 26.Qxb7 Nf5 27.g4 Ne3+ 28.Kg3 Nd1
29.Qxc6 Qxf2+ 30.Kh3 Qf1+ 31.Kg3 Nf2 32.Qd5+ Kg7 33.g5 Nd3 34.gxf6+ exf6
35.Qd7+ Kh6 36.Qh3+ Qxh3+ 37.Kxh3 Nxb4 38.Nd4 Nd5 39.Ne6 Ne7 40.Nd8 g5 41.c6 Kg6
42.c7 f5 43.Nc6 Nc8 44.Kg3 f4+ 45.Kf3 Kf5 46.Nd4+ Ke5 47.Nc6+ Kd6 48.Nd4 Kd5
49.Ne2 Ke5 50.h4 h6 51.hxg5 hxg5 52.Kg4 Kf6 53.Ng1  1/2-1/2

[Event "Washington International 2012"]
[Site "Rockville USA"]
[Date "2012.07.30"]
[Round "6"]
[White "Thompson,I"]
[Black "Herman,Ma"]
[Result "1-0"]
[WhiteElo "2243"]
[BlackElo "2394"]

1.c4 c6 2.Nf3 d5 3.e3 e6 4.Nc3 Nf6 5.b3 Bd6 6.Qc2 e5 7.cxd5 cxd5 8.Nb5 Nc6
9.Nxd6+ Qxd6 10.Bb2 O-O 11.Rc1 Bg4 12.Qc5 Qe6 13.Qb5 Rab8 14.h3 Bxf3 15.gxf3 Rfd8
16.Qa4 d4 17.Bb5 Ne7 18.e4 Nh5 19.Rc7 Qf6 20.Rg1 d3 21.Qxa7 Ng6 22.Bc4 Ra8
23.Rxf7 Rxa7 24.Rxf6+ Kh8 25.Rfxg6 hxg6 26.a4 Rf8 27.Bxd3 Rxf3 28.Ke2 Rxh3
29.Bxe5 Ra5 30.Bd6 g5 31.b4 Rxa4 32.Rxg5 Ra3 33.Bc4 Kh7 34.Rb5 Rh4 35.d3 Nf6
36.f3 Rh3 37.Rxb7 Rc3 38.Kd2 Ra3 39.b5 Ra1 40.Be5  1-0

[Event "Open ch-BUL w 2012"]
[Site "Vratsa BUL"]
[Date "2012.07.30"]
[Round "9.2"]
[White "Raeva,E"]
[Black "Ionescu,I"]
[Result "1/2-1/2"]
[WhiteElo "2318"]
[BlackElo "2247"]

1.c4 c6 2.Nf3 d5 3.b3 Bg4 4.Qc2 Nd7 5.Bb2 Ngf6 6.e3 e6 7.Be2 Bd6 8.Nc3 O-O
9.d4 Qe7 10.Nd2 Bxe2 11.Nxe2 Ba3 12.Bxa3 Qxa3 13.O-O Rac8 14.Rac1 dxc4 15.Nxc4 Qe7
16.b4 e5 17.a3 e4 18.Ng3 g6 19.Na5 Rb8 20.f3 Rfe8 21.Qb3 Qe6 22.Nc4 Nb6 23.fxe4 Nxc4
24.Rxf6 Qxf6 25.Qxc4 Qe6 26.e5 Qxc4 27.Rxc4 f6 28.Ne4 fxe5 29.Nf6+ Kf7 30.Nxe8 Rxe8
31.Kf2 Ke6 32.Ke2 Rf8 33.a4 exd4 34.Rxd4 Rf5 35.g4 Re5 36.Kf3 a5 37.Kf4 g5+
38.Kf3 c5 39.bxc5 Rxc5 40.h3 Rc1 41.Ke4 Rb1 42.Rc4 Kd6 43.Rd4+ Ke6 44.Rc4 b5  1/2-1/2

[Event "Dutch Open 2012"]
[Site "Dieren NED"]
[Date "2012.07.31"]
[Round "7.5"]
[White "Greenfeld,A"]
[Black "Arjun,B"]
[Result "1-0"]
[WhiteElo "2556"]
[BlackElo "2250"]

1.c4 c6 2.e4 d5 3.exd5 cxd5 4.cxd5 Nf6 5.Nc3 Nxd5 6.Nf3 Nc6 7.Bb5 e6 8.O-O Be7
9.d4 O-O 10.Re1 Bf6 11.Bxc6 bxc6 12.Na4 Rb8 13.b3 Ne7 14.Bf4 Rb5 15.Be5 Nf5
16.Bxf6 Qxf6 17.Nc3 Rb6 18.Ne4 Qe7 19.Qc2 Qb4 20.Rad1 Rd8 21.Nc5 Rb5 22.Nd3 Qa5
23.Nde5 Bb7 24.Ng5 Rxd4 25.Ngxf7 Rbd5 26.g4 Rd2 27.Rxd2 Rxd2 28.Qc4 Rd4 29.b4 Rxc4
30.bxa5 Rxg4+ 31.Nxg4 Kxf7 32.Rb1 Ba6 33.Ne5+ Kf6 34.Nxc6 Bd3 35.Rd1 Be2
36.Rd2 Bc4 37.Nxa7 Nh4 38.Rd8 Ke7 39.Nc6+ Kf7  1-0

[Event "99th ch-GBR 2012"]
[Site "North Shields ENG"]
[Date "2012.07.31"]
[Round "8.12"]
[White "Walker,Da"]
[Black "Foo,William J"]
[Result "0-1"]
[WhiteElo "2276"]
[BlackElo "2009"]

1.c4 c6 2.Nf3 d5 3.g3 Nf6 4.Bg2 Bf5 5.O-O e6 6.Qb3 Qb6 7.Qxb6 axb6 8.cxd5 exd5
9.d3 Bc5 10.Nc3 O-O 11.e4 dxe4 12.Nh4 Be6 13.Bxe4 Nxe4 14.dxe4 b5 15.Nf5 b4
16.Ne2 Rxa2 17.Rxa2 Bxa2 18.Bf4 Bc4 19.Rc1 Bxe2 20.Rxc5 Nd7 21.Rc1 Bf3 22.Re1 Ra8
23.Nd4 Bh5 24.Kg2 Nc5 25.Bd6 Nd3 26.Re3 Nxb2 27.Bxb4 Nc4 28.Rc3 Ne5 29.Bd6 Nd7
30.Rb3 Ra7 31.Nf5 Bg4 32.Ne7+ Kh8 33.Nc8 Be6 34.Rb2 Ra8 35.Ne7 b5 36.Nxc6 Ra6
37.Rc2 Bc4 38.Ne5 Rxd6 39.Rxc4 bxc4 40.Nxf7+ Kg8 41.Nxd6 c3  0-1

[Event "17th Creon Open 2012"]
[Site "Creon FRA"]
[Date "2012.08.01"]
[Round "4.5"]
[White "Navrotescu,C"]
[Black "Dumitrache,D"]
[Result "1/2-1/2"]
[WhiteElo "2391"]
[BlackElo "2447"]

1.c4 c6 2.e4 d5 3.exd5 cxd5 4.d4 Nf6 5.Nc3 e6 6.Nf3 Be7 7.Bd3 dxc4 8.Bxc4 O-O
9.O-O Nc6 10.a3 b6 11.Re1 Bb7 12.Qd3 Rc8 13.Bg5 Re8 14.Rad1 Nd5 15.Bxd5 Bxg5
16.Be4 g6 17.d5 exd5 18.Bxd5 Rxe1+ 19.Rxe1 Bf6 20.Ne4 Kg7 21.Nxf6 Qxf6  1/2-1/2